000 01062nam a22003255a 4500
001 15211863
003 EG-ScBUE
005 20221031135803.0
008 080310s2008 enka f 001 0 eng d
020 _a9780750687041
040 _aDLC
_beng
_erda
_cDLC
_dEG-ScBUE
082 0 4 _222
_a721
_bSZO
100 1 _aSzokolay, S. V.,
_eauthor.
_913018
245 1 0 _aIntroduction to architectural science :
_bthe basis of sustainable design /
_cSteven V Szokolay.
250 _aSecond edition.
264 _aOxford :
_bArchitectural Press, Elsevier,
_c2008.
300 _a345 pages :
_billustrations ;
_c30 cm
336 _2rdacontent
_atext
_btxt
337 _2rdamedia
_aunmediated
_bn
338 _2rdacarrier
_avolume
_bnc
500 _aIncludes Index.
500 _aIncludes Appendices.
650 7 _aArchitectural Design.
_2BUEsh
_913019
650 7 _aBuildings
_xEnvironmental Engineering.
_2BUEsh
_913020
650 7 _aSustainable Arhitecture.
_2BUEsh
_913021
653 _bENGARC
655 _vReading book
942 _2ddc
_cBB
999 _c13753
_d13753